[Event "Riadh Rapid op"]
[Site "Riadh"]
[Date "2023.03.17"]
[Round "1"]
[White "Nidal, Ahmad"]
[Black "Hamdouchi, Hicham"]
[Result "0-1"]
[WhiteElo "1764"]
[BlackElo "2526"]
[PlyCount "62"]
[EventDate "2023.03.17"]
[EventType "swiss (rapid)"]
[EventRounds "9"]
[EventCountry "SAU"]
[SourceTitle "CBM 213 Extra"]
[Source "ChessBase"]
[SourceDate "2023.05.31"]
[SourceVersion "1"]
[SourceVersionDate "2023.05.31"]
[SourceQuality "1"]

1. e4 c5 2. Nf3 e6 3. g3 d5 4. e5 Nc6 5. Bg2 g5 6. h3 Bg7 7. Qe2 h6 8. c3 Nge7 9. d3 Qc7 10. d4 cxd4 11. cxd4 Nxd4 12. Nxd4 Qxc1+ 13. Qd1 Qxd1+ 14. Kxd1 Bxe5 15. Nb5 Bxb2 16. Nc7+ Kd8 17. Nxa8 Bxa1 18. Na3 Bd7 19. Ke2 Be5 20. Rb1 Bc6 21. Nc2 Kd7 22. Nb4 Rxa8 23. Nd3 Bd6 24. f4 Nf5 25. g4 Nh4 26. Bh1 gxf4 27. Kf2 e5 28. Nb4 e4 29. Nxc6 bxc6 30. Rb7+ Ke6 31. a4 Rb8 0-1

[Event "Asia Nations online Cup"]
[Site "Chess.com INT"]
[Date "2020.10.16"]
[Round "4.15"]
[White "Cheng, Justin Hong Chen"]
[Black "Nidal, Ahmad"]
[Result "1/2-1/2"]
[WhiteElo "1644"]
[BlackElo "1673"]
[PlyCount "130"]
[EventDate "2020.10.10"]
[EventType "team-swiss (rapid)"]
[EventRounds "9"]
[EventCountry "IND"]
[SourceTitle "CBM 198 Extra"]
[Source "ChessBase"]
[SourceDate "2020.11.30"]
[SourceVersion "1"]
[SourceVersionDate "2020.11.30"]
[SourceQuality "1"]
[WhiteTeam "Hong Kong"]
[BlackTeam "Palestine"]
[WhiteTeamCountry "HKG"]
[BlackTeamCountry "PLE"]

1. d4 Nf6 2. Nf3 g6 3. c4 Bg7 4. g3 0-0 5. Bg2 d6 6. 0-0 Nbd7 7. Nc3 e5 8. e4 c6 9. h3 h6 10. Be3 Qc7 11. Rc1 a5 12. Qc2 Nb6 13. b3 Nbd7 14. Rfd1 exd4 15. Nxd4 Nh5 16. Nf3 Ne5 17. g4 Nxf3+ 18. Bxf3 Nf6 19. Qd2 Nd7 20. Qxd6 Qxd6 21. Rxd6 Ne5 22. Bg2 g5 23. Ne2 a4 24. Ng3 axb3 25. axb3 Be6 26. Nf5 Bxf5 27. exf5 Rfd8 28. Rcd1 Rxd6 29. Rxd6 Ra1+ 30. Kh2 Nf3+ 31. Bxf3 Be5+ 32. Kg2 Bxd6 33. h4 f6 34. c5 Be5 35. Be2 Kf8 36. Bc4 Ke7 37. hxg5 hxg5 38. Kf3 Rh1 39. Be6 Rh3+ 40. Ke4 Rh8 41. Bxg5 Bc7 42. Bf4 Bxf4 43. Kxf4 Rb8 44. g5 fxg5+ 45. Kxg5 b6 46. cxb6 Rxb6 47. Bc4 c5 48. f3 Rd6 49. Kf4 Kf6 50. Be6 Rd4+ 51. Ke3 Ke5 52. Bc8 Rb4 53. Be6 Rh4 54. Bc8 Rf4 55. Bd7 Rd4 56. Bc8 Kf6 57. f4 Rb4 58. Be6 Rd4 59. Kf3 Rd3+ 60. Ke4 Rd2 61. Ke3 Rd1 62. Ke4 Rd8 63. Ke3 Rd4 64. Kf3 Kg7 65. Ke3 Kf6 1/2-1/2